000 00522nam a2200229Ia 4500
003 IT-RoPAU
008 120407s9999 xx 000 0 und d
040 _aIT-RoPAU
040 _cIT-RoPAU
041 _aita
100 _aAlberto Giovannini
245 _aIl partito liberale italiano.
250 _aMilano
260 _aNuova Accademia
260 _c1958
300 _a191 p.
300 _c22 cm
490 _aStoria e funzione dei partiti politici in Italia.
490 _v1
942 _cBK
999 _c27939
_d27939